Контроль и управление качеством производства магнитоэлектрических приборов

Бібліографічні деталі
Автор: МИшин В. А. Валерий Алексеевич
Інші автори: Белый Д. М. Давид Михайлович
Мова:Російська
Опубліковано: Саратов, Изд-во Саратовского ун-та, 1980
Предмети:
Формат: MixedMaterials Книга
KOHA link:https://koha.lib.tpu.ru/cgi-bin/koha/opac-detail.pl?biblionumber=364646

MARC

LEADER 00000nam0a2200000 4500
001 364646
005 20231102011717.0
035 |a (RuTPU)RU\TPU\retro\22004 
090 |a 364646 
100 |a 20211123d1980 km y0rusy50 ca 
101 0 |a rus 
102 |a RU 
105 |a a z 001zy 
200 1 |a Контроль и управление качеством производства магнитоэлектрических приборов  |f В. А. МИшин, Д. М. Белый  
210 |a Саратов  |c Изд-во Саратовского ун-та  |d 1980 
215 |a 134 с.  |c ил. 
320 |a Библиогр.: с. 129-133 
606 1 |a Электромагнитная техника  |2 stltpush  |3 (RuTPU)RU\TPU\subj\20154  |9 45275 
610 1 |a магнитоэлектрические приборы 
610 1 |a контроль 
610 1 |a качество 
610 1 |a управление 
610 1 |a отказы 
610 1 |a причины 
610 1 |a сборка 
610 1 |a технология 
675 |a 621.318.3  |v 4 
700 1 |a МИшин  |b В. А.  |g Валерий Алексеевич 
701 1 |a Белый  |b Д. М.  |g Давид Михайлович 
801 1 |a RU  |b 63413507  |c 20211123 
942 |c BK